| 000 | 01289nam a22002297a 4500 | ||
|---|---|---|---|
| 008 | 100616s ua|||||r|||| 000 0 ara d | ||
| 082 |
_222 _a658.45 _bب ط ل |
||
| 100 |
_914761 _aالبطل، منى محمد إبراهيم |
||
| 245 |
_aتكنولوجيا الاتصالات المعاصرة: _bالشخصية والإدارية ونظم المعلومات / _cمنى محمد إبراهيم البطل |
||
| 246 |
_aContemporary Communication Technology: _bPersonalization, Managerial & Information Systems |
||
| 260 |
_a: [د.م] _b[د.ن] ، _c[199-] |
||
| 300 |
_a236 :ص _bايض ؛ _c24 سم |
||
| 500 | _aإهداء: د. سماء عطيه | ||
| 504 | _aببليوجرافية: ص 233-235 | ||
| 650 |
_914807 _aالاتصالات الإدارية |
||
| 650 |
_914808 _aالاتصالات |
||
| 650 |
_914809 _aالاتصالات عبر الأقمار الصناعية |
||
| 650 |
_98332 _aالمعلومات |
||
| 942 |
_2ddc _cBB |
||
| 999 |
_c14097 _d14097 |
||